| 000 | 00845nam a22001697a 4500 | ||
|---|---|---|---|
| 008 | 090804t xxu||||| |||| 00| 0 eng d | ||
| 020 | _a9770187895 | ||
| 082 |
_a001.012 _bع ل ى |
||
| 245 |
_aتحديات عصر المعلومات/ _cنبيل على |
||
| 260 |
_aالقاهرة: _bالهيئة المصرية العامة للكتاب، _c2003 |
||
| 300 |
_a269 ؛ ص _c20 سم |
||
| 490 | _aالأعمال العلمية | ||
| 650 |
_98332 _aالمعلومات |
||
| 942 |
_2ddc _cBB |
||
| 999 |
_c12522 _d12522 |
||